1309 1998 1612 1962 1342 1630 1489 1054 1298 1924 1061 1040 1454 1286 1271 1419 1080 1292 1448 1081 1592 1669 1647 1632 1533 1503 1298 1021 1176 1319 1687 1027 1154 1460 1573 1393 1253 1246 1785 1845 1432 1913 1892 1482 1242 1515 1539 1697 1863 1296 1699 1601 1751 1852 1725 1854 1043 1888 1701 1003 1170 1873 1061 1403 1727 1359 1388 1377 1806 1675 1925 1688 1295 1904 1946 1940 1425 1826 1381 1410 1929 1534 1728 1456 1139 1065 1660 1032 1329 1951 1844 1390 1702 1755 1445 1191 1934 1690 1636 BCNSPRNW ULIB Ver.6.0+V

เปลี่ยนเป็นภาษาไทย

Change to English
 แสดงรายละเอียดบรรณานุกรม
  กลับหน้าหลัก

Brief Record : Get Marc (ISO 2709) : E-mail record : QR code < ปิดหน้าต่าง
LEADER : 00000nam 2200000uu 4500
001    13399121088
003     ULIB
008    121105s2547||||th 000 0 tha d
020    ^aa9749195248
041  0  ^atha
050 04 ^aLB^bช485ค
100  0 ^aชาญชัย อาจิณสมาจาร
245  1 ^aความฉลาดทางอารมณ์ในองค์การ =^bEmotional intelligence-EQ /^cชาญชัย อาจิณสมาจาร
260    ^aกรุงเทพฯ : ^bK & P Books, ^c2547.
300    ^a240 หน้า.
650    4 ^n1.^aความฉลาดทางอารมณ์
945    ^p185^l0^i13538
945    ^p185^l0^i13537
945    ^p185^l0^i13539
945    ^p185^l0^i13536
945    ^p185^l0^i13535
995    ^aวิภา
999    ^aวิภา
รายการนี้ยังไม่มีแท็ก
คุณยังไม่ได้ล็อกอิน คุณสามารถมีกิจกรรมร่วมกับเว็บไซต์ได้ แต่ต้องล็อกอินก่อน ::
  ล็อกอิน

รายการสื่อสารสนเทศ

ลำดับที่ ประเภท เลขเรียก/บาร์โค้ด สถานที่ สถานะ
1. วิทยาศาสตร์การแพทย์ และสุขภาพ
วิทยาศาสตร์การแพทย์ และสุขภาพ
LB ช485ค  
  Barcode: 13538
ห้องสมุดวิทยาเขตสวรรค์ประชารักษ์
►หนังสือทั่วไป
บนชั้น
2. วิทยาศาสตร์การแพทย์ และสุขภาพ
วิทยาศาสตร์การแพทย์ และสุขภาพ
LB ช485ค ฉ.2 
  Barcode: 13537
ห้องสมุดวิทยาเขตสวรรค์ประชารักษ์
►หนังสือทั่วไป
บนชั้น
3. วิทยาศาสตร์การแพทย์ และสุขภาพ
วิทยาศาสตร์การแพทย์ และสุขภาพ
LB ช485ค ฉ.3 
  Barcode: 13539
ห้องสมุดวิทยาเขตสวรรค์ประชารักษ์
►หนังสือทั่วไป
บนชั้น
4. วิทยาศาสตร์การแพทย์ และสุขภาพ
วิทยาศาสตร์การแพทย์ และสุขภาพ
LB ช485ค ฉ.4 
  Barcode: 13536
ห้องสมุดวิทยาเขตสวรรค์ประชารักษ์
►หนังสือทั่วไป
บนชั้น
5. วิทยาศาสตร์การแพทย์ และสุขภาพ
วิทยาศาสตร์การแพทย์ และสุขภาพ
LB ช485ค ฉ.5 
  Barcode: 13535
ห้องสมุดวิทยาเขตสวรรค์ประชารักษ์
►หนังสือทั่วไป
บนชั้น

BibComment


ยังไม่เคยถูกคอมเมนท์

คอมเมนท์ทรัพยากรรายการนี้
  คอมเมนท์: ความฉลาดทางอารมณ..


 Copyright 2026. Bcnsprnw @Library